000 004570000a22001690004500
041 0 _aENG
082 0 4 _aG 269.9 L152r
100 1 _aLacy, Benjamin Rice (1886-1981)
245 1 0 _aRevivals in the midst of the years / Benjamin Rice Lacy, Jr
260 _aRichmond, Virginia : J. Knox
300 _a167 Pag
001 8239
942 _cBK
999 _c38422
_d38422
336 _atexto
_btxt
_2rdacontent
337 _2rdamedia
_asin mediación
_bn
338 _2rdacarrier
_avolumen
_bnc